<?xml version="1.0" encoding="UTF-8"?>
<collection xmlns:xsi="http://www.w3.org/2001/XMLSchema-instance" xsi:schemaLocation="http://www.loc.gov/MARC21/slim http://www.loc.gov/standards/marcxml/schema/MARC21slim.xsd" xmlns="http://www.loc.gov/MARC21/slim">
 <record>
  <leader>00000cam a22000003i 4500</leader>
  <controlfield tag="001">UP-1685594773862157755</controlfield>
  <controlfield tag="003">Buklod</controlfield>
  <controlfield tag="005">20190220094615.0</controlfield>
  <controlfield tag="006">g||| |     ||   ||</controlfield>
  <controlfield tag="007">ta</controlfield>
  <controlfield tag="008">190220s1960    nyufo   r    |||0 u|eng d</controlfield>
  <datafield tag="035" ind1=" " ind2=" ">
   <subfield code="a">(iLib)UPBAG-00033034278</subfield>
  </datafield>
  <datafield tag="040" ind1=" " ind2=" ">
   <subfield code="a">OLC</subfield>
   <subfield code="d">BAG</subfield>
   <subfield code="e">rda</subfield>
  </datafield>
  <datafield tag="041" ind1="0" ind2=" ">
   <subfield code="a">eng</subfield>
  </datafield>
  <datafield tag="090" ind1=" " ind2="0">
   <subfield code="a">PN 1995</subfield>
   <subfield code="b">I58 1960</subfield>
  </datafield>
  <datafield tag="245" ind1="0" ind2="0">
   <subfield code="a">Introduction to the art of movies</subfield>
   <subfield code="b">an anthology of ideas on the nature of movie art</subfield>
   <subfield code="c">selected, arranged and introduced by Lewis Jacobs.</subfield>
  </datafield>
  <datafield tag="264" ind1=" " ind2="1">
   <subfield code="a">New York</subfield>
   <subfield code="b">The Noonday Press</subfield>
   <subfield code="c">[1960]</subfield>
  </datafield>
  <datafield tag="300" ind1=" " ind2=" ">
   <subfield code="a">302 pages, 16 unnumbered pages of plates, photographs</subfield>
   <subfield code="c">21 cm</subfield>
  </datafield>
  <datafield tag="336" ind1=" " ind2=" ">
   <subfield code="a">text</subfield>
   <subfield code="2">rdacontent</subfield>
  </datafield>
  <datafield tag="337" ind1=" " ind2=" ">
   <subfield code="a">unmediated</subfield>
   <subfield code="2">rdamedia</subfield>
  </datafield>
  <datafield tag="338" ind1=" " ind2=" ">
   <subfield code="a">volume</subfield>
   <subfield code="2">rdacarrier</subfield>
  </datafield>
  <datafield tag="505" ind1="0" ind2=" ">
   <subfield code="a">Movies: the directors 's art / Lewis Jacobs -- The drama of the people / The New York independent -- The birth of a new art / The independent -- The art of the movies / Henry Macmahon -- The picture of crowd splendor / Vachel Lindsay -- The cinematograph as art / Alexander Bakshy -- On the screen / Kenneth Macgowan -- The vivifying of space / Herman G. Scheffauer -- Erich von Stroheim / Herman G. Weinburg -- A new realism -- the object / Fernand Leger -- Of what are the young films dreaming? / Lecomte E. de. Beaumont -- Not theater, not literature, not painting / Ralph Block -- Sunrise : A Murnau masterpiece / Dorothy B. Jones -- A dying art offers a masterpiece / Richard Watts, Jr. -- Russia's film wizard / Evelyn Gerstein -- The work of Pudovkin / Jay Leyda -- The nature of cinema / Andre Levinson -- Griffith : pioneer of film art / Seymour Stern -- Eisenstein on sound / Sergei Eisenstein -- The future of cinema : notes for a study / Harry Alan Potamkin -- Disney and others / Gilbert Seldes -- Leger cinesthetic / James Johnson Sweeney -- Notes on hollywood directors / Dwight Macdonald -- Formal cinema / Kirk Bond -- What is a motion picture? / James Shelly Hamilton -- Jean Vigo / Siegfried Kracauer -- Prelimary topics in defining cinema / Paul Goodman -- The future color / Andre Sennwald -- Tuesday brown / Meyer Levin -- Orson Welles' Citizen Kane/ Cedric Belfrage -- Cinema as an art form / Maya Deren -- Death of a critic / Dudley Nichols -- Rashomon / Henry Hart -- The only dynamic art / James E. Davis -- The film as an original art form / Hans Richter -- Towards true cinema / Slavko Vorapich -- The other Bergman / Hollis Alpert.</subfield>
  </datafield>
  <datafield tag="650" ind1=" " ind2="0">
   <subfield code="a">Motion picture</subfield>
   <subfield code="x">Aesthetics.</subfield>
  </datafield>
  <datafield tag="650" ind1=" " ind2="0">
   <subfield code="a">Motion pictures</subfield>
   <subfield code="x">History.</subfield>
  </datafield>
  <datafield tag="700" ind1="1" ind2=" ">
   <subfield code="a">Jacobs, Lewis</subfield>
   <subfield code="e">other.</subfield>
  </datafield>
  <datafield tag="905" ind1=" " ind2=" ">
   <subfield code="a">FO</subfield>
  </datafield>
  <datafield tag="852" ind1="0" ind2=" ">
   <subfield code="a">UPBAG</subfield>
   <subfield code="b">UPBAG-MAIN</subfield>
   <subfield code="h">PN 1995 I58 1960</subfield>
  </datafield>
  <datafield tag="942" ind1=" " ind2=" ">
   <subfield code="a">Book</subfield>
  </datafield>
 </record>
</collection>
